[Event "1st Stars Cup 2016"]
[Site "Guilan, Iran"]
[Date "2016.07.11"]
[Round "1"]
[Board "9"]
[White "Gholami, Aryan"]
[Black "Ehlvest, Jaan"]
[Result "1/2-1/2"]
[WhiteElo "2454"]
[BlackElo "2524"]
[PlyCount "0"]
[EventDate "2016.07.11"]
[EventType "team"]
[EventRounds "10"]
[EventCountry "IRI"]
[WhiteTeam "Iran Stars"]
[BlackTeam "World Stars"]

1. c4 {[%clk 1:30:37]} b6 {[%clk 1:30:34]} 2. Nc3 {[%clk 1:25:35]} Bb7
{[%clk 1:30:18]} 3. d4 {[%clk 1:25:09]} Nf6 {[%clk 1:30:33]} 4. Nf3
{[%clk 1:24:17]} e6 {[%clk 1:29:42]} 5. e3 {[%clk 1:24:05]} a6 {[%clk 1:28:03]}
6. Bd3 {[%clk 1:23:18]} d5 {[%clk 1:28:28]} 7. O-O {[%clk 1:22:39]} Bd6
{[%clk 1:26:36]} 8. b3 {[%clk 1:19:36]} Nbd7 {[%clk 1:25:40]} 9. Bb2
{[%clk 1:18:41]} O-O {[%clk 1:26:03]} 10. Qc2 {[%clk 1:13:54]} c5
{[%clk 1:22:04]} 11. cxd5 {[%clk 1:10:30]} exd5 {[%clk 1:20:32]} 12. dxc5
{[%clk 1:08:16]} bxc5 {[%clk 1:15:35]} 13. Rad1 {[%clk 1:03:24]} Re8
{[%clk 1:08:50]} 14. Bf5 {[%clk 0:59:23]} Nf8 {[%clk 0:47:28]} 15. Na4
{[%clk 0:51:24]} Qe7 {[%clk 0:41:30]} 16. Rfe1 {[%clk 0:42:22]} Rad8
{[%clk 0:35:25]} 17. Bh3 {[%clk 0:38:01]} Ne4 {[%clk 0:30:17]} 18. Nc3
{[%clk 0:36:48]} Nxc3 {[%clk 0:23:58]} 19. Bxc3 {[%clk 0:36:01]} Ne6
{[%clk 0:19:32]} 20. Ba5 {[%clk 0:27:45]} Rb8 {[%clk 0:18:47]} 21. g3
{[%clk 0:27:46]} Bc7 {[%clk 0:10:14]} 22. Bxc7 {[%clk 0:27:17]} Qxc7
{[%clk 0:10:00]} 23. Bg2 {[%clk 0:27:11]} a5 {[%clk 0:10:24]} 24. Rc1
{[%clk 0:24:49]} Rbc8 {[%clk 0:09:04]} 25. Red1 {[%clk 0:23:25]} Red8
{[%clk 0:08:35]} 26. Qf5 {[%clk 0:22:44]} Qe7 {[%clk 0:07:39]} 27. Qe5
{[%clk 0:20:09]} h6 {[%clk 0:06:04]} 28. Nh4 {[%clk 0:18:23]} Qc7
{[%clk 0:05:49]} 29. Ng6 {[%clk 0:15:56]} Qxe5 {[%clk 0:03:22]} 30. Nxe5
{[%clk 0:16:13]} Ba8 {[%clk 0:03:42]} 31. Rd2 {[%clk 0:14:40]} a4
{[%clk 0:03:24]} 32. Nd3 {[%clk 0:10:29]} d4 {[%clk 0:02:05]} 33. e4
{[%clk 0:08:13]} axb3 {[%clk 0:02:26]} 34. axb3 {[%clk 0:08:41]} Rb8
{[%clk 0:02:35]} 35. Rb2 {[%clk 0:06:14]} Rb5 {[%clk 0:01:30]} 36. f4
{[%clk 0:06:06]} Rdb8 {[%clk 0:01:06]} 37. f5 {[%clk 0:06:17]} Ng5
{[%clk 0:01:34]} 38. Nxc5 {[%clk 0:06:06]} Rc8 {[%clk 0:02:01]} 39. Rbc2
{[%clk 0:06:17]} d3 {[%clk 0:02:27]} 40. Nxd3 {[%clk 0:06:20]} Rxc2
{[%clk 0:02:56]} 41. Rxc2 {[%clk 0:06:49]} Bxe4 {[%clk 0:03:25]} 42. Bxe4
{[%clk 0:05:44]} Nxe4 {[%clk 0:03:50]} 43. Re2 {[%clk 0:05:39]} 1/2-1/2

[Event "1st Stars Cup 2016"]
[Site "Guilan, Iran"]
[Date "2016.07.11"]
[Round "1"]
[Board "10"]
[White "Mousavi, Seyed Khalil"]
[Black "Vakhidov, Jahongir"]
[Result "1/2-1/2"]
[WhiteElo "2432"]
[BlackElo "2586"]
[PlyCount "0"]
[EventDate "2016.07.11"]
[EventType "team"]
[EventRounds "10"]
[EventCountry "IRI"]
[WhiteTeam "Iran Stars"]
[BlackTeam "World Stars"]

1. c4 {[%clk 1:30:43]} g6 {[%clk 1:30:47]} 2. Nc3 {[%clk 1:30:33]} c5
{[%clk 1:30:32]} 3. g3 {[%clk 1:29:33]} Bg7 {[%clk 1:30:51]} 4. Bg2
{[%clk 1:29:36]} Nc6 {[%clk 1:30:56]} 5. d3 {[%clk 1:28:12]} d6 {[%clk 1:29:18]}
6. Bf4 {[%clk 1:25:49]} e5 {[%clk 1:28:15]} 7. Bd2 {[%clk 1:26:09]} Nge7
{[%clk 1:28:28]} 8. h4 {[%clk 1:26:14]} h6 {[%clk 1:27:40]} 9. Qc1
{[%clk 1:21:36]} Be6 {[%clk 1:27:34]} 10. Nd5 {[%clk 1:20:20]} Qd7
{[%clk 1:13:06]} 11. e4 {[%clk 1:06:37]} Nd4 {[%clk 0:42:12]} 12. Nxe7
{[%clk 1:03:31]} Qxe7 {[%clk 0:42:34]} 13. Nf3 {[%clk 1:03:56]} Nc6
{[%clk 0:42:40]} 14. Ng1 {[%clk 0:48:50]} f5 {[%clk 0:38:51]} 15. Ne2
{[%clk 0:46:51]} fxe4 {[%clk 0:38:38]} 16. dxe4 {[%clk 0:37:03]} Qf7
{[%clk 0:36:49]} 17. b3 {[%clk 0:35:55]} Bg4 {[%clk 0:36:50]} 18. f3
{[%clk 0:35:06]} Be6 {[%clk 0:28:28]} 19. Qc3 {[%clk 0:29:12]} a6
{[%clk 0:14:32]} 20. Qd3 {[%clk 0:28:13]} Rd8 {[%clk 0:14:23]} 21. a4
{[%clk 0:24:57]} b5 {[%clk 0:10:49]} 22. axb5 {[%clk 0:19:19]} axb5
{[%clk 0:11:18]} 23. cxb5 {[%clk 0:19:38]} Nd4 {[%clk 0:11:41]} 24. Nxd4
{[%clk 0:17:21]} exd4 {[%clk 0:12:09]} 25. h5 {[%clk 0:12:40]} g5
{[%clk 0:10:50]} 26. b6 {[%clk 0:09:37]} O-O {[%clk 0:10:14]} 27. Ra7
{[%clk 0:08:06]} Rd7 {[%clk 0:10:43]} 28. Rxd7 {[%clk 0:07:59]} Qxd7
{[%clk 0:11:11]} 29. O-O {[%clk 0:08:11]} Qc6 {[%clk 0:11:39]} 30. f4
{[%clk 0:07:18]} Qxb6 {[%clk 0:04:33]} 31. fxg5 {[%clk 0:06:30]} Qxb3
{[%clk 0:05:01]} 32. Rxf8+ {[%clk 0:06:22]} Bxf8 {[%clk 0:05:19]} 33. Qf1
{[%clk 0:06:25]} Qxg3 {[%clk 0:03:42]} 34. Qf6 {[%clk 0:05:54]} Qg4
{[%clk 0:01:57]} 35. gxh6 {[%clk 0:04:25]} Qd1+ {[%clk 0:02:03]} 36. Bf1
{[%clk 0:04:45]} Bc4 {[%clk 0:00:44]} 37. h7+ {[%clk 0:01:41]} Kxh7
{[%clk 0:01:12]} 38. Qxf8 {[%clk 0:01:35]} Qg4+ {[%clk 0:00:43]} 39. Bg2
{[%clk 0:00:37]} Qd1+ {[%clk 0:01:12]} 40. Bf1 {[%clk 0:01:02]} Qg4+
{[%clk 0:01:39]} 41. Bg2 {[%clk 0:00:33]} Qd1+ {[%clk 0:02:08]} 42. Bf1 1/2-1/2

[Event "1st Stars Cup 2016"]
[Site "Guilan, Iran"]
[Date "2016.07.12"]
[Round "2"]
[Board "1"]
[White "Ghaem Maghami, Ehsan"]
[Black "Sargissian, Gabriel"]
[Result "1/2-1/2"]
[WhiteElo "2569"]
[BlackElo "2679"]
[PlyCount "0"]
[EventDate "2016.07.11"]
[EventType "team"]
[EventRounds "10"]
[EventCountry "IRI"]
[WhiteTeam "Iran Stars"]
[BlackTeam "World Stars"]

1. d4 {[%clk 1:30:32]} d5 {[%clk 1:30:02]} 2. Nf3 {[%clk 1:29:52]} Nf6
{[%clk 1:30:10]} 3. c4 {[%clk 1:30:13]} c6 {[%clk 1:30:02]} 4. Qb3
{[%clk 1:28:36]} e6 {[%clk 1:26:21]} 5. Nc3 {[%clk 1:26:41]} Nbd7
{[%clk 1:25:04]} 6. Bf4 {[%clk 1:26:51]} Be7 {[%clk 1:21:51]} 7. e3
{[%clk 1:25:27]} Nh5 {[%clk 1:20:17]} 8. Bg3 {[%clk 1:25:05]} a6 {[%clk 1:19:43]}
9. cxd5 {[%clk 1:23:10]} exd5 {[%clk 1:19:21]} 10. Bd3 {[%clk 1:20:58]} O-O
{[%clk 1:17:40]} 11. Rc1 {[%clk 1:20:07]} g6 {[%clk 1:15:33]} 12. a3
{[%clk 1:20:22]} Bf6 {[%clk 1:12:26]} 13. Bd6 {[%clk 1:20:13]} Re8
{[%clk 1:09:51]} 14. O-O {[%clk 1:18:19]} Re6 {[%clk 1:08:47]} 15. Bg3
{[%clk 1:17:57]} Nxg3 {[%clk 1:08:06]} 16. hxg3 {[%clk 1:18:09]} Re8
{[%clk 1:07:29]} 17. e4 {[%clk 1:18:07]} Nb6 {[%clk 1:06:18]} 18. exd5
{[%clk 1:17:56]} cxd5 {[%clk 1:05:35]} 19. Rfe1 {[%clk 1:16:15]} Be6
{[%clk 1:05:09]} 20. Ne2 {[%clk 1:10:15]} Bg4 {[%clk 1:03:30]} 1/2-1/2

[Event "1st Stars Cup 2016"]
[Site "Guilan, Iran"]
[Date "2016.07.12"]
[Round "2"]
[Board "2"]
[White "Idani, Pouya"]
[Black "Dreev, Aleksey"]
[Result "1/2-1/2"]
[WhiteElo "2560"]
[BlackElo "2664"]
[PlyCount "0"]
[EventDate "2016.07.11"]
[EventType "team"]
[EventRounds "10"]
[EventCountry "IRI"]
[WhiteTeam "Iran Stars"]
[BlackTeam "World Stars"]

1. e4 {[%clk 1:30:58]} c6 {[%clk 1:30:54]} 2. Nc3 {[%clk 1:31:24]} d5
{[%clk 1:31:20]} 3. Nf3 {[%clk 1:31:51]} Bg4 {[%clk 1:31:45]} 4. h3
{[%clk 1:32:18]} Bxf3 {[%clk 1:32:09]} 5. Qxf3 {[%clk 1:32:44]} e6
{[%clk 1:32:35]} 6. d4 {[%clk 1:33:11]} dxe4 {[%clk 1:32:44]} 7. Qxe4
{[%clk 1:33:36]} Nf6 {[%clk 1:32:56]} 8. Qd3 {[%clk 1:34:02]} Nbd7
{[%clk 1:32:24]} 9. g3 {[%clk 1:34:20]} Bd6 {[%clk 1:31:44]} 10. Bg2
{[%clk 1:34:43]} O-O {[%clk 1:32:07]} 11. O-O {[%clk 1:35:10]} Qc7
{[%clk 1:32:33]} 12. Ne2 {[%clk 1:35:35]} Rad8 {[%clk 1:27:56]} 13. c4
{[%clk 1:35:17]} Rfe8 {[%clk 1:23:30]} 14. Qc2 {[%clk 1:35:14]} e5
{[%clk 1:21:04]} 15. Be3 {[%clk 1:30:51]} exd4 {[%clk 1:11:25]} 16. Bxd4
{[%clk 1:30:49]} Bc5 {[%clk 0:50:24]} 17. Bc3 {[%clk 1:18:54]} Qd6
{[%clk 0:42:57]} 18. Rad1 {[%clk 1:08:51]} Qe6 {[%clk 0:40:34]} 19. Ba5
{[%clk 1:08:40]} Bb6 {[%clk 0:30:57]} 20. Nd4 {[%clk 1:04:16]} Qe5
{[%clk 0:24:10]} 21. Bc3 {[%clk 1:04:24]} Qb8 {[%clk 0:08:41]} 22. Nf5
{[%clk 0:59:20]} Bc5 {[%clk 0:07:53]} 23. Nxg7 {[%clk 0:54:26]} Kxg7
{[%clk 0:07:08]} 24. Qf5 {[%clk 0:54:52]} Qxg3 {[%clk 0:02:16]} 25. Rxd7
{[%clk 0:54:11]} Qg6 {[%clk 0:02:40]} 26. Qxg6+ Kxg6 27. Rxb7 {[%clk 0:51:01]}
Ne4 {[%clk 0:03:27]} 28. b4 {[%clk 0:43:29]} Nxc3 {[%clk 0:03:30]} 29. bxc5
{[%clk 0:43:54]} Re5 {[%clk 0:02:29]} 30. Rxa7 {[%clk 0:32:19]} Rxc5
{[%clk 0:02:55]} 31. Ra6 {[%clk 0:27:56]} Rxc4 {[%clk 0:01:44]} 32. Ra1
{[%clk 0:25:41]} Rd2 {[%clk 0:00:33]} 33. Bxc6 {[%clk 0:18:36]} Rf4
{[%clk 0:01:02]} 34. a4 {[%clk 0:15:28]} Rfxf2 {[%clk 0:01:23]} 35. Rf1
{[%clk 0:15:36]} Rxf1+ {[%clk 0:01:14]} 36. Kxf1 {[%clk 0:16:01]} Kg5
{[%clk 0:01:00]} 1/2-1/2

[Event "1st Stars Cup 2016"]
[Site "Guilan, Iran"]
[Date "2016.07.12"]
[Round "2"]
[Board "3"]
[White "Lorparizangeneh, Shahin"]
[Black "Edouard, Romain"]
[Result "1/2-1/2"]
[WhiteElo "2468"]
[BlackElo "2639"]
[PlyCount "0"]
[EventDate "2016.07.11"]
[EventType "team"]
[EventRounds "10"]
[EventCountry "IRI"]
[WhiteTeam "Iran Stars"]
[BlackTeam "World Stars"]

1. Nf3 {[%clk 1:30:52]} Nf6 {[%clk 1:29:04]} 2. c4 {[%clk 1:29:59]} b6
{[%clk 1:29:23]} 3. g3 {[%clk 1:30:03]} Bb7 {[%clk 1:29:42]} 4. Bg2
{[%clk 1:30:26]} g6 {[%clk 1:27:23]} 5. d4 {[%clk 1:30:37]} Bg7 {[%clk 1:27:46]}
6. O-O {[%clk 1:30:59]} O-O {[%clk 1:27:50]} 7. d5 {[%clk 1:31:01]} Na6
{[%clk 1:13:26]} 8. Nc3 {[%clk 1:29:44]} Nc5 {[%clk 1:13:47]} 9. Re1
{[%clk 1:28:25]} e6 {[%clk 1:11:33]} 10. e4 {[%clk 1:26:57]} d6 {[%clk 1:11:45]}
11. e5 {[%clk 1:08:25]} dxe5 {[%clk 1:09:45]} 12. Nxe5 {[%clk 1:08:45]} exd5
{[%clk 1:04:34]} 13. cxd5 {[%clk 1:09:01]} Re8 {[%clk 0:56:10]} 14. Qf3
{[%clk 1:01:39]} Ncd7 {[%clk 0:34:38]} 15. Bf4 {[%clk 0:56:03]} Nh5
{[%clk 0:31:29]} 16. Bg5 {[%clk 0:40:17]} Nxe5 {[%clk 0:30:18]} 17. Rxe5
{[%clk 0:40:42]} f6 {[%clk 0:29:20]} 18. Rxe8+ {[%clk 0:40:31]} Qxe8
{[%clk 0:29:47]} 19. Bd2 {[%clk 0:39:54]} f5 {[%clk 0:29:55]} 20. Re1
{[%clk 0:39:52]} Qd7 {[%clk 0:30:06]} 21. Qe2 {[%clk 0:37:02]} Nf6
{[%clk 0:27:48]} 22. Qc4 {[%clk 0:31:53]} Kh8 {[%clk 0:22:38]} 23. Bf4
{[%clk 0:31:01]} Re8 {[%clk 0:20:08]} 24. Re6 {[%clk 0:30:02]} Bc8
{[%clk 0:20:34]} 25. Be5 {[%clk 0:22:40]} Rxe6 {[%clk 0:18:59]} 26. dxe6
{[%clk 0:23:03]} Qxe6 {[%clk 0:19:27]} 27. Qxc7 {[%clk 0:22:58]} Qd7
{[%clk 0:19:21]} 28. Qb8 {[%clk 0:19:28]} h6 {[%clk 0:19:15]} 29. Bf1
{[%clk 0:17:55]} Kh7 {[%clk 0:17:57]} 30. h3 {[%clk 0:15:42]} Qc6
{[%clk 0:06:15]} 31. Bg2 {[%clk 0:12:47]} Qd7 {[%clk 0:06:44]} 32. Bf1
{[%clk 0:09:22]} Qc6 {[%clk 0:07:12]} 33. Bg2 {[%clk 0:02:43]} Qd7
{[%clk 0:07:40]} 34. Bf1 {[%clk 0:02:46]} 1/2-1/2

[Event "1st Stars Cup 2016"]
[Site "Guilan, Iran"]
[Date "2016.07.12"]
[Round "2"]
[Board "4"]
[White "Darini, Pouria"]
[Black "Short, Nigel D"]
[Result "0-1"]
[WhiteElo "2524"]
[BlackElo "2652"]
[PlyCount "0"]
[EventDate "2016.07.11"]
[EventType "team"]
[EventRounds "10"]
[EventCountry "IRI"]
[WhiteTeam "Iran Stars"]
[BlackTeam "World Stars"]

1. e4 {[%clk 1:29:42]} e6 {[%clk 1:30:38]} 2. d4 {[%clk 1:30:04]} d5
{[%clk 1:31:03]} 3. Nc3 {[%clk 1:30:28]} Nf6 {[%clk 1:30:37]} 4. e5
{[%clk 1:29:21]} Nfd7 {[%clk 1:30:59]} 5. f4 {[%clk 1:29:46]} c5 {[%clk 1:31:18]}
6. Nf3 {[%clk 1:30:12]} Nc6 {[%clk 1:31:30]} 7. Be3 {[%clk 1:30:38]} a6
{[%clk 1:31:12]} 8. Qd2 {[%clk 1:30:45]} b5 {[%clk 1:31:30]} 9. dxc5
{[%clk 1:30:55]} Bxc5 {[%clk 1:30:48]} 10. Bd3 {[%clk 1:30:19]} O-O
{[%clk 1:27:53]} 11. O-O-O {[%clk 0:58:14]} Qb6 {[%clk 1:22:41]} 12. Bg1
{[%clk 0:57:28]} f6 {[%clk 1:08:05]} 13. exf6 {[%clk 0:48:19]} Nxf6
{[%clk 0:59:05]} 14. Bxc5 {[%clk 0:45:48]} Qxc5 {[%clk 0:59:28]} 15. Rhe1
{[%clk 0:46:11]} Bd7 {[%clk 0:57:23]} 16. Kb1 {[%clk 0:43:21]} g6
{[%clk 0:46:19]} 17. Ne5 {[%clk 0:34:16]} Nxe5 {[%clk 0:45:44]} 18. Rxe5
{[%clk 0:32:34]} Qb6 {[%clk 0:39:37]} 19. Rde1 {[%clk 0:23:59]} a5
{[%clk 0:38:06]} 20. Rg5 {[%clk 0:08:52]} b4 {[%clk 0:37:04]} 21. Ne2
{[%clk 0:07:22]} Qf2 {[%clk 0:36:07]} 22. Kc1 {[%clk 0:03:14]} Ne4
{[%clk 0:26:16]} 23. Bxe4 {[%clk 0:03:24]} dxe4 {[%clk 0:26:40]} 24. Ng3
{[%clk 0:02:59]} Qxf4 {[%clk 0:26:59]} 25. Qxf4 {[%clk 0:01:30]} Rxf4
{[%clk 0:27:24]} 26. Rxe4 {[%clk 0:01:02]} Rf2 {[%clk 0:23:19]} 27. Re2
{[%clk 0:01:11]} Rxe2 {[%clk 0:23:31]} 28. Nxe2 {[%clk 0:01:39]} Kf7
{[%clk 0:23:54]} 29. Kd2 {[%clk 0:00:58]} Ke7 {[%clk 0:22:25]} 30. Nf4
{[%clk 0:01:03]} Kd6 {[%clk 0:22:34]} 31. Nd3 {[%clk 0:01:11]} Bc6
{[%clk 0:22:59]} 32. c4 {[%clk 0:00:52]} bxc3+ {[%clk 0:23:09]} 33. Kxc3
{[%clk 0:01:08]} Bd5 {[%clk 0:23:28]} 34. a3 {[%clk 0:01:01]} Rc8+
{[%clk 0:23:31]} 35. Kd2 {[%clk 0:01:30]} a4 {[%clk 0:22:17]} 36. Rg4
{[%clk 0:01:54]} Bb3 {[%clk 0:22:05]} 37. Rd4+ {[%clk 0:02:21]} Ke7
{[%clk 0:22:28]} 38. Ke3 {[%clk 0:01:19]} Rc2 {[%clk 0:22:52]} 39. Rh4
{[%clk 0:01:48]} Rxg2 {[%clk 0:20:45]} 40. Rxh7+ {[%clk 0:02:15]} Kf6
{[%clk 0:21:09]} 41. Rh8 {[%clk 0:02:09]} Kg7 {[%clk 0:19:48]} 42. Rh3
{[%clk 0:02:21]} Bc4 {[%clk 0:14:35]} 43. Nf2 {[%clk 0:02:24]} e5
{[%clk 0:13:34]} 44. Rh4 {[%clk 0:01:55]} Bb3 {[%clk 0:14:00]} 45. h3
{[%clk 0:00:42]} Rg3+ {[%clk 0:11:09]} 46. Ke2 {[%clk 0:00:54]} Rg1
{[%clk 0:08:28]} 47. Kd2 {[%clk 0:00:35]} Kf6 {[%clk 0:07:08]} 48. Re4
{[%clk 0:00:53]} Kf5 {[%clk 0:07:26]} 49. Re3 {[%clk 0:01:17]} Rb1
{[%clk 0:06:00]} 50. Nd3 {[%clk 0:00:31]} e4 {[%clk 0:05:23]} 51. Re1
{[%clk 0:00:34]} Rxe1 {[%clk 0:05:49]} 52. Nxe1 Kf4 {[%clk 0:06:12]} 53. h4
{[%clk 0:00:39]} Kg3 {[%clk 0:06:21]} 54. Ke3 {[%clk 0:01:07]} Bd5
{[%clk 0:06:46]} 55. Kd4 {[%clk 0:00:59]} Ba8 {[%clk 0:07:00]} 56. Ke3
{[%clk 0:00:44]} Bb7 {[%clk 0:06:00]} 57. Nc2 {[%clk 0:00:42]} Kxh4
{[%clk 0:06:26]} 58. Nd4 {[%clk 0:00:49]} g5 {[%clk 0:06:42]} 59. b3
{[%clk 0:01:02]} axb3 {[%clk 0:06:52]} 60. Nxb3 {[%clk 0:01:31]} g4
{[%clk 0:07:14]} 61. Nd4 {[%clk 0:01:09]} g3 {[%clk 0:07:25]} 62. Ne2
{[%clk 0:00:54]} Kh3 {[%clk 0:07:42]} 63. a4 {[%clk 0:00:59]} g2 {[%clk 0:07:30]}
64. a5 {[%clk 0:00:34]} Kh2 {[%clk 0:07:54]} 65. Kf2 {[%clk 0:00:39]} Ba6 0-1

[Event "1st Stars Cup 2016"]
[Site "Guilan, Iran"]
[Date "2016.07.12"]
[Round "2"]
[Board "5"]
[White "Sokolov, Ivan"]
[Black "Mousavi, Seyed Khalil"]
[Result "1/2-1/2"]
[WhiteElo "2642"]
[BlackElo "2432"]
[PlyCount "0"]
[EventDate "2016.07.11"]
[EventType "team"]
[EventRounds "10"]
[EventCountry "IRI"]
[WhiteTeam "World Stars"]
[BlackTeam "Iran Stars"]

1. d4 {[%clk 1:30:52]} d5 {[%clk 1:30:30]} 2. Nf3 {[%clk 1:30:45]} Nf6
{[%clk 1:30:23]} 3. c4 {[%clk 1:31:09]} dxc4 {[%clk 1:30:14]} 4. e3
{[%clk 1:31:14]} e6 {[%clk 1:29:53]} 5. Bxc4 {[%clk 1:31:37]} a6 {[%clk 1:30:16]}
6. O-O {[%clk 1:30:54]} c5 {[%clk 1:29:11]} 7. a4 {[%clk 1:27:15]} Nc6
{[%clk 1:25:44]} 8. Nc3 {[%clk 1:27:09]} cxd4 {[%clk 1:21:56]} 9. exd4
{[%clk 1:26:06]} Be7 {[%clk 1:22:19]} 10. Bg5 {[%clk 1:19:59]} O-O
{[%clk 1:20:36]} 11. Re1 {[%clk 1:17:47]} h6 {[%clk 1:12:50]} 12. Bf4
{[%clk 1:09:28]} Qb6 {[%clk 0:58:23]} 13. Qd2 {[%clk 1:02:58]} Na5
{[%clk 0:51:32]} 14. Ba2 {[%clk 1:00:47]} Nb3 {[%clk 0:48:07]} 15. Bxb3
{[%clk 1:00:25]} Qxb3 {[%clk 0:48:34]} 16. Ne5 {[%clk 0:51:08]} Nd5
{[%clk 0:27:05]} 17. Nxd5 {[%clk 0:49:50]} Qxd5 {[%clk 0:26:15]} 18. Re3
{[%clk 0:49:25]} g5 {[%clk 0:18:58]} 19. Rg3 {[%clk 0:44:03]} Kh7
{[%clk 0:16:52]} 20. Be3 {[%clk 0:27:52]} f5 {[%clk 0:14:38]} 21. Rh3
{[%clk 0:15:53]} Kg7 {[%clk 0:12:30]} 22. Qe2 {[%clk 0:16:21]} f4
{[%clk 0:10:28]} 23. Qh5 {[%clk 0:16:48]} Rf6 {[%clk 0:10:02]} 24. Ng4
{[%clk 0:17:14]} Rg6 {[%clk 0:07:55]} 25. Ne5 {[%clk 0:10:07]} Rf6
{[%clk 0:08:18]} 26. Ng4 {[%clk 0:02:23]} Rg6 {[%clk 0:08:40]} 27. Ne5
{[%clk 0:02:27]} 1/2-1/2

[Event "1st Stars Cup 2016"]
[Site "Guilan, Iran"]
[Date "2016.07.12"]
[Round "2"]
[Board "6"]
[White "Miroshnichenko, Evgenij"]
[Black "Pourramezanali, Amirreza"]
[Result "1/2-1/2"]
[WhiteElo "2616"]
[BlackElo "2509"]
[PlyCount "0"]
[EventDate "2016.07.11"]
[EventType "team"]
[EventRounds "10"]
[EventCountry "IRI"]
[WhiteTeam "World Stars"]
[BlackTeam "Iran Stars"]

1. c4 {[%clk 1:30:55]} c6 {[%clk 1:30:52]} 2. Nf3 {[%clk 1:31:18]} d5
{[%clk 1:31:17]} 3. g3 {[%clk 1:31:42]} Bg4 {[%clk 1:31:10]} 4. Qb3
{[%clk 1:31:19]} Bxf3 {[%clk 1:25:24]} 5. Qxf3 {[%clk 1:31:40]} Nf6
{[%clk 1:22:38]} 6. Qb3 {[%clk 1:29:14]} Qb6 {[%clk 1:21:28]} 7. d3
{[%clk 1:26:05]} e6 {[%clk 1:21:16]} 8. Bg2 {[%clk 1:23:16]} Nbd7
{[%clk 1:19:50]} 9. O-O {[%clk 1:23:30]} Bd6 {[%clk 1:16:37]} 10. Qc2
{[%clk 1:04:05]} h5 {[%clk 1:08:27]} 11. Nd2 {[%clk 0:58:11]} h4 {[%clk 1:07:59]}
12. Nf3 {[%clk 0:53:22]} hxg3 {[%clk 0:56:01]} 13. hxg3 {[%clk 0:53:46]} Bxg3
{[%clk 0:49:47]} 14. cxd5 {[%clk 0:47:02]} cxd5 {[%clk 0:41:04]} 15. Be3
{[%clk 0:44:22]} Qc7 {[%clk 0:40:10]} 16. Rfc1 {[%clk 0:44:46]} Qxc2
{[%clk 0:35:15]} 17. Rxc2 {[%clk 0:45:14]} Bd6 {[%clk 0:35:26]} 18. Rac1
{[%clk 0:45:21]} Ke7 {[%clk 0:35:34]} 19. Bg5 {[%clk 0:44:20]} Rh5
{[%clk 0:35:06]} 20. Rc8 {[%clk 0:44:22]} Rxc8 {[%clk 0:28:22]} 21. Rxc8
{[%clk 0:44:36]} Nb6 {[%clk 0:28:46]} 22. Rc2 {[%clk 0:44:56]} Kd7
{[%clk 0:28:08]} 23. Bd2 {[%clk 0:41:36]} Rh8 {[%clk 0:27:51]} 24. Ng5
{[%clk 0:40:10]} Ke7 {[%clk 0:27:47]} 25. f4 {[%clk 0:35:15]} Rc8
{[%clk 0:26:56]} 26. Rxc8 {[%clk 0:32:32]} Nxc8 {[%clk 0:27:09]} 27. e3
{[%clk 0:31:46]} Bc5 {[%clk 0:26:19]} 28. Kf1 {[%clk 0:30:32]} Nd6
{[%clk 0:25:43]} 29. Ke2 {[%clk 0:30:20]} Nd7 {[%clk 0:24:22]} 30. Bh3
{[%clk 0:26:33]} Nb8 {[%clk 0:21:13]} 31. d4 {[%clk 0:18:52]} Bb6
{[%clk 0:20:27]} 32. Bb4 {[%clk 0:19:20]} f5 {[%clk 0:14:47]} 33. Nf7
{[%clk 0:18:10]} Kxf7 {[%clk 0:14:45]} 34. Bxd6 {[%clk 0:18:38]} Nc6
{[%clk 0:14:24]} 35. Bf1 {[%clk 0:17:01]} Bd8 {[%clk 0:14:46]} 36. Kf3
{[%clk 0:16:39]} Be7 {[%clk 0:15:10]} 37. Bc7 {[%clk 0:16:51]} g5
{[%clk 0:14:23]} 38. fxg5 {[%clk 0:17:15]} Bxg5 {[%clk 0:14:46]} 39. Bb5
{[%clk 0:16:07]} Ke7 {[%clk 0:14:55]} 40. Bg3 {[%clk 0:15:02]} a6
{[%clk 0:15:13]} 41. Bd3 {[%clk 0:15:12]} Kd7 {[%clk 0:15:10]} 42. b3
{[%clk 0:13:20]} Be7 {[%clk 0:13:50]} 43. Be1 {[%clk 0:11:43]} Bd6
{[%clk 0:13:41]} 44. Bc3 {[%clk 0:09:40]} Ke7 {[%clk 0:13:41]} 45. Ke2
{[%clk 0:09:32]} Kf6 {[%clk 0:13:58]} 46. Kf3 {[%clk 0:08:35]} Bb4
{[%clk 0:12:39]} 47. Bb2 {[%clk 0:09:00]} Nd8 {[%clk 0:12:41]} 48. a3
{[%clk 0:06:31]} Bd6 {[%clk 0:12:40]} 49. b4 {[%clk 0:06:47]} b5 {[%clk 0:10:06]}
50. Bc3 {[%clk 0:07:10]} Nc6 {[%clk 0:10:02]} 51. a4 {[%clk 0:04:14]} Na7
{[%clk 0:09:52]} 52. axb5 {[%clk 0:04:37]} axb5 {[%clk 0:09:54]} 53. Ke2
{[%clk 0:04:00]} Ke7 {[%clk 0:10:04]} 54. Kd1 {[%clk 0:03:44]} Kd7
{[%clk 0:10:28]} 55. Be2 {[%clk 0:03:37]} Bg3 {[%clk 0:08:18]} 56. Bd2
{[%clk 0:03:43]} Ke7 {[%clk 0:07:13]} 57. Bd3 {[%clk 0:03:56]} Kd8
{[%clk 0:05:12]} 58. Be2 {[%clk 0:04:08]} Kc7 {[%clk 0:05:36]} 59. Bc3
{[%clk 0:04:00]} Bf2 {[%clk 0:05:02]} 60. Kd2 {[%clk 0:04:03]} Bg1
{[%clk 0:05:16]} 61. Kd3 {[%clk 0:03:39]} Nc8 {[%clk 0:05:32]} 62. Be1
{[%clk 0:03:58]} Bh2 {[%clk 0:05:56]} 63. Kc2 {[%clk 0:03:00]} Nd6
{[%clk 0:06:20]} 64. Bh5 {[%clk 0:02:46]} Kd7 {[%clk 0:06:44]} 65. Kd3
{[%clk 0:02:42]} Nc4 {[%clk 0:07:08]} 66. Bh4 {[%clk 0:02:03]} Bd6
{[%clk 0:07:36]} 67. Be1 {[%clk 0:02:26]} Be7 {[%clk 0:07:58]} 68. Be2
{[%clk 0:02:02]} Bg5 {[%clk 0:07:44]} 69. Bd2 {[%clk 0:02:18]} Ke7
{[%clk 0:08:09]} 70. Bh5 {[%clk 0:02:34]} Kf8 {[%clk 0:07:09]} 71. Be2
{[%clk 0:02:16]} Kg7 {[%clk 0:06:37]} 72. Bh5 {[%clk 0:02:38]} Nd6
{[%clk 0:07:00]} 73. Be1 {[%clk 0:02:45]} Kh6 {[%clk 0:07:08]} 74. Be2
{[%clk 0:03:02]} Nc4 {[%clk 0:07:33]} 75. Bd2 {[%clk 0:03:25]} Kg6
{[%clk 0:07:46]} 76. Bf3 {[%clk 0:03:40]} Be7 {[%clk 0:07:45]} 77. Be2
{[%clk 0:03:11]} Kg5 {[%clk 0:07:30]} 78. Be1 {[%cl